| 000 | 01578nam0a22003011 4500 | ||
|---|---|---|---|
| 001 | rc\4321100 | ||
| 005 | 20240813114112.0 | ||
| 021 |
_aRU _b[63-64255] |
||
| 035 | _a(NLR Aleph) 008266454 | ||
| 090 |
_a8428925 _c8428925 |
||
| 100 | _a20130416d1963 |||y0rusy50 ca | ||
| 101 | 0 | _arus | |
| 102 | _aRU | ||
| 105 | _aa z |||a| | ||
| 200 | 1 |
_aСинее око _eПовесть и рассказы _f[Ил.: А.А. Ушин] |
|
| 210 |
_aЛенинград _cЛениздат _d1963 |
||
| 215 |
_a226 с. _cил. _d16 |
||
| 225 | 1 | _a[Библиотечка современной прозы] | |
| 327 | 1 | _aСодерж.: Рассказы: Шанхай; Все об одном; Просека; Лепяга; Подождите, дворники!; Синее око; Банальная история; Последний зверь; Пурсей; Градус благородства; Двое в скифе. Киноповесть | |
| 464 | 0 | _12001#$aШанхай$aВсе об одном$aПросека$aЛепяга$aПодождите, дворники!$aСинее око$aБанальная история$aПоследний зверь$aПурсей$aГрадус благородства$aДвое в скифе$eКиноповесть | |
| 700 | 1 |
_aГорышин _bГ. А. _f1931-1998 _gГлеб Александрович |
|
| 702 | 1 |
_aУшин _bА. А. _f1927-2005 _gАндрей Алексеевич _3RU\NLR\AUTH\7714633 _4440 |
|
| 801 | 0 |
_aRU _bNLR _gpsbo |
|
| 801 | 1 |
_aRU _bELAR _2rusmarc |
|
| 852 |
_aNLR _j63-2/2681 |
||
| 942 | _cBOOK | ||
| 980 | _aNB | ||